[Event "BL2-West 2223"]
[Site "Germany"]
[Date "2023.02.04"]
[Round "5.3"]
[White "Kuenstler, Christian"]
[Black "Xu, Xianliang"]
[Result "1/2-1/2"]
[WhiteElo "2267"]
[BlackElo "2451"]
[PlyCount "47"]
[EventDate "2022.10.22"]
[EventType "team-tourn"]
[EventRounds "10"]
[EventCountry "GER"]
[SourceTitle "EXT 2024"]
[Source "ChessBase"]
[SourceDate "2023.10.10"]
[SourceVersion "1"]
[SourceVersionDate "2023.10.10"]
[SourceQuality "1"]
[WhiteTeam "Neuberg"]
[BlackTeam "Koeln Porz"]
[WhiteTeamCountry "GER"]
[BlackTeamCountry "GER"]

1. e4 c5 2. Nf3 d6 3. Bb5+ Bd7 4. c4 a6 5. Bxd7+ Nxd7 6. Nc3 Ngf6 7. 0-0 Rc8 8. d3 g6 9. h3 Bg7 10. Be3 0-0 11. Qd2 e6 12. Rad1 Nb8 13. Bh6 Nc6 14. Bxg7 Kxg7 15. b3 Qa5 16. Qb2 e5 17. Nd5 Qd8 18. a3 b5 19. Nxf6 Qxf6 20. cxb5 axb5 21. b4 Rb8 22. Rc1 Rfc8 23. Rc2 Nd4 24. Nxd4 1/2-1/2

[Event "BL2-West 2122"]
[Site "Germany"]
[Date "2022.06.18"]
[Round "7.5"]
[White "Wuebker, Paul Luca"]
[Black "Kuenstler, Christian"]
[Result "1/2-1/2"]
[WhiteElo "2140"]
[BlackElo "2272"]
[PlyCount "149"]
[EventDate "2022.03.05"]
[EventType "team-tourn"]
[EventRounds "10"]
[EventCountry "GER"]
[SourceTitle "EXT 2023"]
[Source "ChessBase"]
[SourceDate "2022.10.05"]
[SourceVersion "1"]
[SourceVersionDate "2022.10.05"]
[SourceQuality "1"]
[WhiteTeam "Bochum"]
[BlackTeam "Neuberg"]
[WhiteTeamCountry "GER"]
[BlackTeamCountry "GER"]

1. d4 Nf6 2. c4 b6 3. Nf3 g6 4. Nc3 Bb7 5. Qc2 Bxf3 6. gxf3 Bg7 7. f4 c6 8. Bg2 0-0 9. e3 d5 10. Qe2 e6 11. 0-0 Nbd7 12. Rd1 Rc8 13. Rb1 Qe7 14. b4 dxc4 15. Qxc4 b5 16. Qb3 Nb6 17. Bd2 Nfd5 18. Ne4 Nc4 19. Be1 a5 20. bxa5 Ra8 21. a4 Nxa5 22. Qc2 Nc4 23. Ra1 Ndxe3 24. fxe3 Nxe3 25. Qb3 Nxd1 26. Qxd1 Rfd8 27. Bf2 Qb4 28. axb5 Rxa1 29. Qxa1 cxb5 30. Qd1 Bxd4 31. Kh1 Kg7 32. Bh4 Ra8 33. Be1 Qb2 34. Nc3 Rd8 35. Bh4 Rd5 36. Be7 Rd7 37. Bc6 Rxe7 38. Qxd4+ e5 39. fxe5 Qc1+ 40. Kg2 Qg5+ 41. Kf2 Qxe5 42. Nxb5 Qxd4+ 43. Nxd4 f5 44. Ne2 g5 45. h3 Kf6 46. Bf3 Ra7 47. Kg1 Ra3 48. Kg2 Ra2 49. Kg1 Ra4 50. Ng3 g4 51. hxg4 fxg4 52. Bc6 Ra2 53. Bd7 Kg5 54. Ne4+ Kf4 55. Nf6 Kg3 56. Nh5+ Kh4 57. Nf6 Ra1+ 58. Kg2 Ra2+ 59. Kg1 h5 60. Be8 Ra1+ 61. Kg2 Ra2+ 62. Kg1 Ra6 63. Nxh5 Re6 64. Ng7 Re5 65. Bd7 Kg5 66. Ne6+ Kh4 67. Ng7 Ra5 68. Nf5+ Kg5 69. Ne3 Ra1+ 70. Nf1 Kf4 71. Bc6 g3 72. Bb7 Rb1 73. Bc6 g2 74. Bxg2 Rxf1+ 75. Bxf1 1/2-1/2

[Event "BL2-Sued 1920"]
[Site "Germany"]
[Date "2021.08.08"]
[Round "10.4"]
[White "Kuenstler, Christian"]
[Black "Wieczorek, Oskar"]
[Result "0-1"]
[WhiteElo "2277"]
[BlackElo "2490"]
[PlyCount "74"]
[EventDate "2019.10.19"]
[EventType "team-tourn"]
[EventRounds "11"]
[EventCountry "GER"]
[SourceTitle "EXT 2023"]
[Source "ChessBase"]
[SourceDate "2022.10.05"]
[SourceVersion "1"]
[SourceVersionDate "2022.10.05"]
[SourceQuality "1"]
[WhiteTeam "Neuberg"]
[BlackTeam "Heusenstamm"]
[WhiteTeamCountry "GER"]
[BlackTeamCountry "GER"]

1. e4 c5 2. c4 d6 3. Nc3 Nc6 4. g3 g6 5. Bg2 Bg7 6. Nge2 Nf6 7. d3 0-0 8. 0-0 a6 9. Rb1 Rb8 10. a3 b5 11. cxb5 axb5 12. b4 Ba6 13. h3 Nd7 14. Be3 Nd4 15. Qd2 e6 16. f4 Qe7 17. Bf2 Rfc8 18. Nxd4 cxd4 19. Ne2 e5 20. Rfc1 Nb6 21. h4 Rxc1+ 22. Rxc1 Bc8 23. Bf3 f5 24. fxe5 dxe5 25. Rc5 Na4 26. Rc1 Bb7 27. Qc2 fxe4 28. dxe4 Rf8 29. Kg2 Qf7 30. Ng1 Bh6 31. Re1 Qc4 32. Qd1 Nc3 33. Qc2 d3 34. Qb2 d2 35. Rf1 Rxf3 36. Nxf3 Bxe4 37. Bc5 Qxf1+ 0-1

[Event "BL2-Sued 1920"]
[Site "Germany"]
[Date "2021.08.07"]
[Round "9.4"]
[White "Zude, Arno"]
[Black "Kuenstler, Christian"]
[Result "1-0"]
[WhiteElo "2372"]
[BlackElo "2277"]
[PlyCount "97"]
[EventDate "2019.10.19"]
[EventType "team-tourn"]
[EventRounds "11"]
[EventCountry "GER"]
[SourceTitle "EXT 2023"]
[Source "ChessBase"]
[SourceDate "2022.10.05"]
[SourceVersion "1"]
[SourceVersionDate "2022.10.05"]
[SourceQuality "1"]
[WhiteTeam "Hofheim"]
[BlackTeam "Neuberg"]
[WhiteTeamCountry "GER"]
[BlackTeamCountry "GER"]

1. e4 c5 2. Nf3 d6 3. d4 cxd4 4. Nxd4 Nf6 5. Nc3 Nc6 6. Bg5 e6 7. Qd2 a6 8. 0-0-0 Bd7 9. f4 b5 10. Bxf6 gxf6 11. g3 Qb6 12. Nf3 0-0-0 13. Kb1 Kb8 14. Bg2 Na5 15. b3 Rc8 16. Ne2 Bc6 17. Nh4 Be7 18. f5 Nb7 19. Nd4 Bd7 20. fxe6 fxe6 21. Bh3 Nc5 22. Qe3 Qc7 23. Rhf1 Rcg8 24. Qe2 Rg5 25. Ndf3 Rgg8 26. Nd4 Rg5 27. Nhf3 Rgg8 28. Ne1 Rg5 29. Nd3 Qc8 30. Rfe1 Bd8 31. Qd2 Be7 32. Nf3 Rgg8 33. Re3 Nxd3 34. cxd3 Bd8 35. Rc1 Qb7 36. Ree1 Rg6 37. Qb4 Be7 38. Nd4 Rh6 39. Bxe6 Bxe6 40. Nxe6 Rxh2 41. Qd4 Rc8 42. Rxc8+ Qxc8 43. Rc1 Qxe6 44. Qb6+ Ka8 45. Rc7 Rh1+ 46. Kc2 Rh2+ 47. Kc1 Rh1+ 48. Kd2 Rh2+ 49. Ke3 1-0

[Event "BL2-Sued 1920"]
[Site "Germany"]
[Date "2019.10.20"]
[Round "2.4"]
[White "Medvegy, Zoltan"]
[Black "Kuenstler, Christian"]
[Result "1-0"]
[WhiteElo "2539"]
[BlackElo "2277"]
[PlyCount "43"]
[EventDate "2019.10.19"]
[EventType "team-tourn"]
[EventRounds "11"]
[EventCountry "GER"]
[SourceTitle "CBM 194 Extra"]
[Source "ChessBase"]
[SourceDate "2020.03.31"]
[SourceVersion "1"]
[SourceVersionDate "2020.03.31"]
[SourceQuality "1"]
[WhiteTeam "Eppingen"]
[BlackTeam "Neuberg"]
[WhiteTeamCountry "GER"]
[BlackTeamCountry "GER"]

1. Nf3 d5 2. e3 Nf6 3. c4 e6 4. Nc3 Be7 5. b3 0-0 6. Bb2 b6 7. cxd5 Nxd5 8. Nxd5 Qxd5 9. Qc2 Ba6 10. Qxc7 Bxf1 11. Qxe7 Bxg2 12. Rg1 f6 13. Nd4 Na6 14. Qxe6+ Rf7 15. Qxd5 Bxd5 16. Nf5 Kh8 17. Rxg7 Rxg7 18. Bxf6 Rag8 19. Ke2 Be4 20. Nxg7 Rxg7 21. Rg1 Bg6 22. h4 1-0

[Event "Oberliga Ost-B 1819"]
[Site "Germany"]
[Date "2018.11.10"]
[Round "2.1"]
[White "Schmidt Schaeffer, Sebastian"]
[Black "Kuenstler, Christian"]
[Result "1-0"]
[WhiteElo "2357"]
[BlackElo "2285"]
[PlyCount "83"]
[EventDate "2018.10.21"]
[EventType "team-tourn"]
[EventRounds "11"]
[EventCountry "GER"]
[SourceTitle "EXT 2020"]
[Source "ChessBase"]
[SourceDate "2019.10.17"]
[SourceVersion "1"]
[SourceVersionDate "2019.10.17"]
[SourceQuality "1"]
[WhiteTeam "Naumburg"]
[BlackTeam "Neuberg"]
[WhiteTeamCountry "GER"]
[BlackTeamCountry "GER"]

1. e4 c5 2. Nc3 Nc6 3. g3 g6 4. Bg2 Bg7 5. d3 d6 6. Nge2 Rb8 7. a4 a6 8. 0-0 e6 9. Be3 Nd4 10. Qd2 Ne7 11. f4 0-0 12. Rab1 Nec6 13. Nd1 Nxe2+ 14. Qxe2 Nd4 15. Qf2 Bd7 16. b3 e5 17. c3 Nc6 18. f5 f6 19. b4 b6 20. g4 Qe7 21. b5 Na7 22. c4 g5 23. bxa6 Nc6 24. Nc3 Qd8 25. Nd5 Bc8 26. Rb2 Bxa6 27. Rfb1 Rf7 28. Rxb6 Rxb6 29. Rxb6 Nb4 30. a5 Nxd3 31. Qc2 Ne1 32. Qb3 Nxg2 33. Kxg2 Bc8 34. Rb8 Bf8 35. Qb5 Kg7 36. Bd2 Ra7 37. Nb6 Rc7 38. Nxc8 Rxc8 39. Qb7+ Rc7 40. Qb6 Qd7 41. a6 Qc6 42. Qxc7+ 1-0

[Event "Oberliga Ost-B 1718"]
[Site "Germany"]
[Date "2018.04.15"]
[Round "11.3"]
[White "Diyap, Murat"]
[Black "Kuenstler, Christian"]
[Result "1/2-1/2"]
[WhiteElo "2093"]
[BlackElo "2274"]
[PlyCount "34"]
[EventDate "2017.10.22"]
[EventType "team-tourn"]
[EventRounds "11"]
[EventCountry "GER"]
[SourceTitle "EXT 2019"]
[Source "ChessBase"]
[SourceDate "2018.10.10"]
[SourceVersion "1"]
[SourceVersionDate "2018.10.10"]
[SourceQuality "1"]
[WhiteTeam "Frankfurt TV"]
[BlackTeam "Neuberg"]
[WhiteTeamCountry "GER"]
[BlackTeamCountry "GER"]

1. e4 e6 2. Nf3 d5 3. Nc3 Nf6 4. e5 Nfd7 5. d4 c5 6. dxc5 Nc6 7. Bf4 Nxc5 8. Bd3 Be7 9. h3 a6 10. Ne2 Qb6 11. b3 Bd7 12. c3 f6 13. 0-0 0-0 14. Bc2 a5 15. exf6 gxf6 16. Ng3 Rf7 17. Re1 Bf8 1/2-1/2

[Event "Oberliga Ost-B 1718"]
[Site "Germany"]
[Date "2017.12.10"]
[Round "4.1"]
[White "Kuenstler, Christian"]
[Black "Matviishen, Viktor"]
[Result "1/2-1/2"]
[WhiteElo "2274"]
[BlackElo "2433"]
[PlyCount "97"]
[EventDate "2017.10.22"]
[EventType "team-tourn"]
[EventRounds "11"]
[EventCountry "GER"]
[SourceTitle "EXT 2019"]
[Source "ChessBase"]
[SourceDate "2018.10.10"]
[SourceVersion "1"]
[SourceVersionDate "2018.10.10"]
[SourceQuality "1"]
[WhiteTeam "Neuberg"]
[BlackTeam "Kassel"]
[WhiteTeamCountry "GER"]
[BlackTeamCountry "GER"]

1. d4 Nf6 2. Bf4 e6 3. e3 b6 4. Nf3 Bb7 5. Nbd2 Be7 6. h3 0-0 7. Bd3 c5 8. c3 d5 9. 0-0 Nbd7 10. a4 a6 11. Qb1 h6 12. b4 cxb4 13. cxb4 Rc8 14. b5 a5 15. Qb2 Bb4 16. Rac1 Qe7 17. Rxc8 Rxc8 18. Rc1 Qd8 19. Ne5 Nxe5 20. Bxe5 Kf8 21. f3 Ne8 22. Kf2 Nd6 23. Ke2 Rxc1 24. Qxc1 Qe7 25. Qb2 Ke8 26. Bf4 Kd8 27. Qc2 g5 28. Bg3 f6 29. e4 f5 30. e5 Ne8 31. Bf2 f4 32. Bg6 Ng7 33. Nb3 Ba3 34. Nd2 Qb4 35. Qb3 Qf8 36. Qc2 Qb4 37. Qb3 Qe7 38. Qc2 Bc8 39. Qc6 Qa7 40. Qc2 Bd7 41. Kf1 Qc7 42. Qxc7+ Kxc7 43. Ke2 Be8 44. Bd3 Bb4 45. Nb3 Nf5 46. Bxf5 exf5 47. Be1 Be7 48. Bd2 Kd7 49. Nc1 1/2-1/2

[Event "Oberliga Ost-B 1718"]
[Site "Germany"]
[Date "2017.11.12"]
[Round "3.3"]
[White "Friedrich, Wiede"]
[Black "Kuenstler, Christian"]
[Result "0-1"]
[WhiteElo "2334"]
[BlackElo "2274"]
[PlyCount "128"]
[EventDate "2017.10.22"]
[EventType "team-tourn"]
[EventRounds "11"]
[EventCountry "GER"]
[SourceTitle "EXT 2019"]
[Source "ChessBase"]
[SourceDate "2018.10.10"]
[SourceVersion "1"]
[SourceVersionDate "2018.10.10"]
[SourceQuality "1"]
[WhiteTeam "Erfurt Empor"]
[BlackTeam "Neuberg"]
[WhiteTeamCountry "GER"]
[BlackTeamCountry "GER"]

1. d4 Nf6 2. Nf3 d5 3. c4 e6 4. Nc3 c5 5. Bg5 cxd4 6. Nxd4 Be7 7. cxd5 exd5 8. Qa4+ Bd7 9. Qb3 Nc6 10. e3 Nxd4 11. exd4 Bc6 12. Be2 0-0 13. Bf3 h6 14. Bxf6 Bxf6 15. 0-0-0 Qd6 16. Bxd5 Qf4+ 17. Kb1 Bxd4 18. Bxc6 bxc6 19. Qc4 c5 20. f3 Rab8 21. b3 Rfe8 22. Qd3 Bxc3 23. Qxc3 c4 24. g3 Qf5+ 25. Qc2 Qb5 26. Rhe1 Rxe1 27. Rxe1 cxb3 28. axb3 Qxb3+ 29. Qxb3 Rxb3+ 30. Kc1 Rxf3 31. Re8+ Kh7 32. Re7 Kg6 33. Rxa7 Rf1+ 34. Kd2 Rf2+ 35. Ke3 Rxh2 36. Kf3 h5 37. Ra4 Rb2 38. Rc4 Rb3+ 39. Kg2 Rb2+ 40. Kf3 f6 41. Ra4 Kg5 42. Rc4 f5 43. Rd4 g6 44. Rc4 Rb3+ 45. Kf2 Rb6 46. Kg2 Re6 47. Kh3 Re4 48. Rc6 h4 49. Ra6 Re3 50. Ra5 Rxg3+ 51. Kh2 Rb3 52. Ra2 Kg4 53. Rg2+ Rg3 54. Ra2 g5 55. Rf2 f4 56. Ra2 h3 57. Ra4 Rg2+ 58. Kh1 Rb2 59. Ra3 Kh4 60. Ra4 Kg3 61. Ra1 f3 62. Rg1+ Rg2 63. Rd1 Rh2+ 64. Kg1 f2+ 0-1

[Event "Oberliga Ost-B 1617"]
[Site "Germany"]
[Date "2017.04.23"]
[Round "9.3"]
[White "Kuenstler, Christian"]
[Black "Brueggemann, Ludger"]
[Result "1/2-1/2"]
[WhiteElo "2259"]
[BlackElo "2190"]
[PlyCount "93"]
[EventDate "2016.10.16"]
[EventType "team-tourn"]
[EventRounds "11"]
[EventCountry "GER"]
[SourceTitle "EXT 2018"]
[Source "ChessBase"]
[SourceDate "2017.10.13"]
[SourceVersion "1"]
[SourceVersionDate "2017.10.13"]
[SourceQuality "1"]
[WhiteTeam "Neuberg"]
[BlackTeam "Frankfurt TV"]
[WhiteTeamCountry "GER"]
[BlackTeamCountry "GER"]

1. d4 Nf6 2. Nf3 g6 3. Bg5 Bg7 4. Nbd2 0-0 5. c3 d5 6. e3 b6 7. a4 c5 8. Bd3 Nc6 9. 0-0 Bb7 10. Qb1 Qd7 11. b4 cxb4 12. cxb4 Ne8 13. a5 f6 14. Bh4 e5 15. a6 Bc8 16. b5 Ne7 17. dxe5 fxe5 18. e4 Nd6 19. Qb3 Kh8 20. Bg3 Qe6 21. exd5 Qxd5 22. Qxd5 Nxd5 23. Bxe5 Bxe5 24. Nxe5 Nc3 25. Rfc1 Ncxb5 26. Ndc4 Bf5 27. Bxf5 Nxf5 28. Rd1 Nfd4 29. Kf1 Kg7 30. Nd6 Rad8 31. Nxb5 Nxb5 32. Nc6 Rxd1+ 33. Rxd1 Nc7 34. Ne5 Nxa6 35. Rd7+ Kf6 36. Rxa7 Kxe5 37. Rxa6 Rb8 38. Ke2 Rb7 39. Kd3 b5 40. Kc3 b4+ 41. Kb3 Rf7 42. Ra2 Rf4 43. Re2+ Kf6 44. h3 Rd4 45. Re3 Rf4 46. Re8 Kf7 47. Re2 1/2-1/2

[Event "Oberliga Ost-B 1617"]
[Site "Germany"]
[Date "2017.01.15"]
[Round "5.2"]
[White "Kuenstler, Christian"]
[Black "Langheinrich, Ferenc"]
[Result "1/2-1/2"]
[WhiteElo "2259"]
[BlackElo "2381"]
[PlyCount "35"]
[EventDate "2016.10.16"]
[EventType "team-tourn"]
[EventRounds "11"]
[EventCountry "GER"]
[SourceTitle "EXT 2018"]
[Source "ChessBase"]
[SourceDate "2017.10.13"]
[SourceVersion "1"]
[SourceVersionDate "2017.10.13"]
[SourceQuality "1"]
[WhiteTeam "Neuberg"]
[BlackTeam "Erfurt Empor"]
[WhiteTeamCountry "GER"]
[BlackTeamCountry "GER"]

1. d4 Nf6 2. Bg5 g6 3. Bxf6 exf6 4. g3 Bg7 5. Bg2 0-0 6. e3 f5 7. Ne2 d6 8. 0-0 Nd7 9. c4 Nf6 10. Nbc3 Re8 11. Qd3 h5 12. b4 h4 13. b5 hxg3 14. hxg3 Ng4 15. Bf3 Rb8 16. Rab1 Bd7 17. Kg2 g5 18. e4 1/2-1/2

[Event "BL2-Ost 1516"]
[Site "Germany"]
[Date "2016.01.30"]
[Round "7.4"]
[White "Heidrich, Manfred"]
[Black "Kuenstler, Christian"]
[Result "1/2-1/2"]
[WhiteElo "2344"]
[BlackElo "2226"]
[PlyCount "143"]
[EventDate "2015.09.20"]
[EventType "team-tourn"]
[EventRounds "9"]
[EventCountry "GER"]
[SourceTitle "CBM 171 Extra"]
[Source "ChessBase"]
[SourceDate "2016.04.26"]
[SourceVersion "1"]
[SourceVersionDate "2016.04.26"]
[SourceQuality "1"]
[WhiteTeam "Forchheim"]
[BlackTeam "Neuberg"]
[WhiteTeamCountry "GER"]
[BlackTeamCountry "GER"]

1. e4 c5 2. Nf3 Nc6 3. Bb5 g6 4. Bxc6 dxc6 5. d3 Bg7 6. h3 Nf6 7. Nbd2 0-0 8. 0-0 b6 9. a4 a5 10. Ra2 Qc7 11. b3 Nh5 12. Bb2 Bxb2 13. Rxb2 e5 14. Nc4 f6 15. Re1 Nf4 16. Kh2 Be6 17. Ng1 Rad8 18. Qd2 Rf7 19. g3 Nh5 20. Qe3 Rfd7 21. Ra2 Rf7 22. Raa1 Kh8 23. Re2 Ng7 24. Rf1 g5 25. Ree1 Rg8 26. Ne2 Nh5 27. f3 Rd7 28. Rf2 Rdg7 29. Rh1 Rd7 30. Qd2 b5 31. Nb2 c4 32. bxc4 bxc4 33. Qc3 Qb6 34. Kg2 cxd3 35. Nxd3 Ng7 36. h4 g4 37. f4 Qe3 38. Nc5 Qxc3 39. Nxc3 Rd4 40. fxe5 fxe5 41. Rd1 Rc4 42. Nxe6 Nxe6 43. Rd3 Nc5 44. Re3 Rd8 45. Rf5 Rd2+ 46. Re2 Rxe2+ 47. Nxe2 Rxc2 48. Kf1 Nd3 49. Rf8+ Kg7 50. Rd8 Nc1 51. Nxc1 Rxc1+ 52. Kf2 Rc2+ 53. Kf1 Rc4 54. Rd7+ Kg8 55. Rd8+ Kf7 56. Rd7+ Ke6 57. Rxh7 Rxe4 58. h5 Rxa4 59. Ra7 Ra1+ 60. Kg2 Ra2+ 61. Kg1 Ra3 62. Kg2 Rf3 63. h6 Rf8 64. h7 Rh8 65. Kf2 a4 66. Ke3 a3 67. Ke4 a2 68. Rxa2 Rxh7 69. Rc2 Kd6 70. Rd2+ Ke6 71. Rc2 Kd6 72. Rd2+ 1/2-1/2

[Event "Heusenstamm Sparkassen op-A 2nd"]
[Site "Heusenstamm"]
[Date "2015.11.29"]
[Round "7"]
[White "Kuenstler, Christian"]
[Black "Feller, Sebastien"]
[Result "0-1"]
[WhiteElo "2223"]
[BlackElo "2619"]
[PlyCount "80"]
[EventDate "2015.11.26"]
[EventType "swiss"]
[EventRounds "7"]
[EventCountry "GER"]
[SourceTitle "CBM 169 Extra"]
[Source "ChessBase"]
[SourceDate "2015.12.18"]
[SourceVersion "1"]
[SourceVersionDate "2015.12.18"]
[SourceQuality "1"]

1. d4 Nf6 2. Nf3 g6 3. c4 Bg7 4. Nc3 d5 5. Bg5 Ne4 6. cxd5 Nxg5 7. Nxg5 e6 8. Nf3 exd5 9. e3 0-0 10. b4 Qd6 11. Qb3 Be6 12. Rc1 Nc6 13. a3 a5 14. b5 a4 15. Nxa4 Na5 16. Qc2 Qxa3 17. Nc5 Bf5 18. Qc3 Qxc3+ 19. Rxc3 b6 20. Na6 c5 21. Bd3 Bg4 22. Ne5 Bxe5 23. dxe5 Rad8 24. 0-0 d4 25. exd4 Rxd4 26. f3 Be6 27. Ra1 Rfd8 28. Be2 Rd2 29. Bf1 Nb3 30. Rb1 Nd4 31. Ra3 Ne2+ 32. Kh1 Rd1 33. Raa1 Rxb1 34. Rxb1 Nc3 35. Rc1 Na2 36. Ra1 Rd2 37. Nc7 Bb3 38. Na8 c4 39. Nxb6 c3 40. Nc4 Bxc4 0-1

[Event "Heusenstamm Sparkassen op-A 2nd"]
[Site "Heusenstamm"]
[Date "2015.11.29"]
[Round "6"]
[White "Pawelzik, Malte"]
[Black "Kuenstler, Christian"]
[Result "0-1"]
[WhiteElo "2056"]
[BlackElo "2223"]
[PlyCount "82"]
[EventDate "2015.11.26"]
[EventType "swiss"]
[EventRounds "7"]
[EventCountry "GER"]
[SourceTitle "CBM 169 Extra"]
[Source "ChessBase"]
[SourceDate "2015.12.18"]
[SourceVersion "1"]
[SourceVersionDate "2015.12.18"]
[SourceQuality "1"]

1. e4 c5 2. Nf3 Nc6 3. d4 cxd4 4. Nxd4 g6 5. Nc3 Bg7 6. Be3 Nf6 7. Bc4 0-0 8. Bb3 a5 9. 0-0 a4 10. Nxa4 Nxe4 11. Nb5 Ra6 12. c4 d6 13. Qe2 Nf6 14. Rad1 b6 15. Nd4 Ne5 16. Bf4 Nfd7 17. Nc3 Bb7 18. Nd5 e6 19. Nb4 Ra8 20. Nb5 Qf6 21. Bg3 Rad8 22. Nxd6 Ba8 23. Ne4 Qe7 24. Nd3 Nxd3 25. Rxd3 Bxe4 26. Rxd7 Qxd7 27. Qxe4 Bxb2 28. Bh4 Qd4 29. Qxd4 Rxd4 30. Bf6 Rd2 31. Bxb2 Rxb2 32. Rd1 Kg7 33. Kf1 Kf6 34. Rd6 Rb8 35. Rd7 g5 36. h3 h5 37. g3 Rb1+ 38. Kg2 h4 39. gxh4 gxh4 40. Rd4 Rh8 41. Rd6 Rg8+ 0-1

[Event "BL2-Ost 1516"]
[Site "Germany"]
[Date "2015.09.20"]
[Round "2.4"]
[White "Bredl, Harald"]
[Black "Kuenstler, Christian"]
[Result "1/2-1/2"]
[WhiteElo "2351"]
[BlackElo "2225"]
[PlyCount "33"]
[EventDate "2015.09.20"]
[EventType "team-tourn"]
[EventRounds "9"]
[EventCountry "GER"]
[SourceTitle "CBM 170 Extra"]
[Source "ChessBase"]
[SourceDate "2016.02.25"]
[SourceVersion "1"]
[SourceVersionDate "2016.02.25"]
[SourceQuality "1"]
[WhiteTeam "Garching"]
[BlackTeam "Neuberg"]
[WhiteTeamCountry "GER"]
[BlackTeamCountry "GER"]

1. d4 Nf6 2. c4 c5 3. d5 g6 4. Nc3 Bg7 5. e4 d6 6. Bd3 0-0 7. h3 e6 8. Bg5 exd5 9. cxd5 Re8 10. Nge2 Nbd7 11. 0-0 a6 12. a4 Ne5 13. Bc2 h6 14. Be3 Nc4 15. Bc1 Bd7 16. b3 Na5 17. Bf4 1/2-1/2

[Event "Oberliga Ost-B 1415"]
[Site "Germany"]
[Date "2014.10.18"]
[Round "2.6"]
[White "Kuenstler, Christian"]
[Black "Duchrow, Oliver"]
[Result "1/2-1/2"]
[WhiteElo "2195"]
[BlackElo "2113"]
[PlyCount "49"]
[EventDate "2014.09.21"]
[EventType "team-tourn"]
[EventRounds "11"]
[EventCountry "GER"]
[SourceTitle "EXT 2016"]
[Source "ChessBase"]
[SourceDate "2015.10.08"]
[SourceVersion "1"]
[SourceVersionDate "2015.10.08"]
[SourceQuality "1"]
[WhiteTeam "Neuberg"]
[BlackTeam "Sangerhausen"]
[WhiteTeamCountry "GER"]
[BlackTeamCountry "GER"]

1. Nf3 d6 2. d4 f5 3. g3 Nf6 4. Bg2 g6 5. 0-0 Bg7 6. c4 0-0 7. Nc3 Qe8 8. b3 c5 9. Bb2 cxd4 10. Nxd4 Nc6 11. Nd5 Nxd4 12. Bxd4 Nxd5 13. cxd5 b6 14. Bxg7 Kxg7 15. Qd4+ Kg8 16. Rac1 Qd7 17. Rc6 Bb7 18. Rfc1 Rac8 19. Qc4 b5 20. Qd4 Kf7 21. Rxc8 Rxc8 22. Rxc8 Qxc8 23. Bf3 a6 24. Qb6 Ba8 25. Qe3 1/2-1/2

[Event "Karl Mala Memorial op-A 17th"]
[Site "Frankfurt"]
[Date "2014.08.03"]
[Round "6"]
[White "Kuenstler, Christian"]
[Black "Speck, Stefan"]
[Result "1-0"]
[WhiteElo "2195"]
[BlackElo "2013"]
[PlyCount "83"]
[EventDate "2014.07.31"]
[EventType "swiss"]
[EventRounds "7"]
[EventCountry "GER"]
[SourceTitle "EXT 2015"]
[Source "ChessBase"]
[SourceDate "2014.11.20"]
[SourceVersion "1"]
[SourceVersionDate "2014.11.20"]
[SourceQuality "1"]

1. e4 Nf6 2. e5 Nd5 3. d4 d6 4. Nf3 dxe5 5. Nxe5 c6 6. Be2 g6 7. 0-0 Bg7 8. Nd2 Nf4 9. Bc4 Be6 10. Ndf3 Bxc4 11. Nxc4 Ne6 12. c3 Nd7 13. Re1 0-0 14. Qe2 Qc7 15. Bd2 Rae8 16. Qe4 Nf6 17. Qh4 Rd8 18. Rad1 c5 19. dxc5 Qxc5 20. Be3 Qh5 21. Qxh5 Nxh5 22. Bxa7 Ra8 23. Bb6 Rxa2 24. Ra1 Rfa8 25. Rxa2 Rxa2 26. g3 Nf6 27. Rd1 Ra4 28. Na5 Ra2 29. b4 Ne4 30. c4 Rb2 31. b5 g5 32. Nxb7 g4 33. Nh4 N6g5 34. Be3 Nh3+ 35. Kf1 e6 36. Rd8+ Bf8 37. Bh6 Rb1+ 38. Ke2 Nc3+ 39. Ke3 Re1+ 40. Kd2 Rd1+ 41. Kxc3 Rxd8 42. Nxd8 1-0

[Event "Karl Mala Memorial op-A 17th"]
[Site "Frankfurt"]
[Date "2014.08.01"]
[Round "2"]
[White "Kuenstler, Christian"]
[Black "Rolf, Marco"]
[Result "1/2-1/2"]
[WhiteElo "2195"]
[BlackElo "1961"]
[PlyCount "154"]
[EventDate "2014.07.31"]
[EventType "swiss"]
[EventRounds "7"]
[EventCountry "GER"]
[SourceTitle "EXT 2015"]
[Source "ChessBase"]
[SourceDate "2014.11.20"]
[SourceVersion "1"]
[SourceVersionDate "2014.11.20"]
[SourceQuality "1"]

1. d4 d5 2. Nf3 Nf6 3. c4 c6 4. Nbd2 Bf5 5. Nh4 Be6 6. e3 dxc4 7. Nxc4 Ne4 8. Nf3 Nd7 9. Bd3 Bxc4 10. Bxc4 e6 11. 0-0 Be7 12. a3 0-0 13. Bd3 Nef6 14. e4 c5 15. e5 Nd5 16. Be4 cxd4 17. Bxd5 exd5 18. Qxd4 Nc5 19. Qg4 Qc8 20. Qxc8 Raxc8 21. Be3 a6 22. Rad1 Rfd8 23. Rd2 Ne4 24. Rd3 Bc5 25. Bxc5 Nxc5 26. Rd4 Ne6 27. Rd2 Rd7 28. g3 h6 29. Rfd1 Rc5 30. Ne1 g5 31. Nd3 Rc4 32. Kg2 a5 33. f3 Rdc7 34. Nf2 d4 35. Nd3 Nc5 36. Nxc5 R7xc5 37. f4 Kg7 38. Kf3 Rb5 39. Ke4 b6 40. Kd3 Rbc5 41. Re2 gxf4 42. gxf4 Kg6 43. e6 fxe6 44. Rxe6+ Kf5 45. Rxb6 Kxf4 46. Rxh6 Rc2 47. Rb1 Rg2 48. Rh4+ Kg5 49. Rh8 Kf6 50. Rh6+ Kg7 51. Rh3 Kf6 52. Rf3+ Ke5 53. Re1+ Kd6 54. Rf6+ Kd7 55. Rf7+ Kd6 56. Rfe7 Rxh2 57. R1e6+ Kd5 58. Re5+ Kd6 59. R7e6+ Kd7 60. Re2 Rxe2 61. Rxe2 Kc6 62. Kxd4 a4 63. Re6+ Kb5 64. Re8 Rh5 65. Rb8+ Ka5 66. Ra8+ Kb5 67. Rb8+ Ka5 68. Rd8 Rh4+ 69. Kc5 Ka6 70. Ra8+ Kb7 71. Ra5 Rh5+ 72. Kb4 Rh4+ 73. Kb5 Rh2 74. Kxa4 Rxb2 75. Rh5 Ka6 76. Ra5+ Kb6 77. Rb5+ Rxb5 1/2-1/2

[Event "Staufer op 26th"]
[Site "Schwaebisch Gmuend"]
[Date "2014.01.04"]
[Round "6"]
[White "Kuenstler, Christian"]
[Black "Kersten, Uwe"]
[Result "1/2-1/2"]
[WhiteElo "2172"]
[BlackElo "2287"]
[PlyCount "38"]
[EventDate "2014.01.02"]
[EventType "swiss"]
[EventRounds "9"]
[EventCountry "GER"]
[SourceTitle "CBM 158 Extra"]
[Source "ChessBase"]
[SourceDate "2014.02.28"]
[SourceVersion "1"]
[SourceVersionDate "2014.02.28"]
[SourceQuality "1"]

1. d4 g6 2. e4 Bg7 3. Nc3 d6 4. Nf3 a6 5. a4 b6 6. Bd3 Bb7 7. Ne2 Nd7 8. c3 e6 9. Ng3 Ngf6 10. 0-0 c5 11. Re1 cxd4 12. cxd4 0-0 13. Bd2 e5 14. dxe5 dxe5 15. Bc3 Qe7 16. b4 Rfc8 17. Qb3 Rc7 18. Rac1 Rac8 19. Bd2 Rxc1 1/2-1/2